000 00866nam a2200301 c 4500
003 BLK
005 20240419102756.0
008 180408b bul|||||r ||||||| ||bul||
010 _aKNG00051549000
020 _a3-7855-2252-5
_bиздат.: Loewe
040 _aBLK
041 _aDEU
_cDEU
080 _aНемска литература
_b821.112.2
_x-93-32
_z821.112.2-93-32
100 1 _aRettich, Margaret
_eпърви автор
_922326
139 _aRettich, Margaret
_bR 46
245 1 0 _aEin Auto auf der Wiese
_cMargaret Rettich.
250 _a3. Aufl
257 _aDEU
260 Bindlach
_bLoewe
_c1995
300 _a33 c
_bс ил.
_c25 cm
380 _aX
852 _aЦб 187261
856 4 _qpdf
_u
856 4 _qpdf
_u
942 _cKNG
_n0
_03
944 _aCR
_c01.01.1999
_k30532
_lМира Стойчева
944 _aED
_c19.01.2005
_k
999 _c47737
_d47737